Remote sensing of sea ice and icebergs (Record no. 102493)

MARC details
000 -LEADER
fixed length control field 01159cam a2200373 4500
008 - FIXED-LENGTH DATA ELEMENTS--GENERAL INFORMATION
fixed length control field #DATE n1994 000 0 eng u
020 ## - INTERNATIONAL STANDARD BOOK NUMBER
International Standard Book Number 0471554944
035 ## - SYSTEM CONTROL NUMBER
System control number (Sirsi) u120169
041 ## - LANGUAGE CODE
Language code of text/sound track or separate title eng
050 ## - LIBRARY OF CONGRESS CALL NUMBER
Classification number 526.982
100 ## - MAIN ENTRY--PERSONAL NAME
Personal name Haykin, S.
100 ## - MAIN ENTRY--PERSONAL NAME
Personal name Lewis, E.O.
100 ## - MAIN ENTRY--PERSONAL NAME
Personal name Raney, R.K.
100 ## - MAIN ENTRY--PERSONAL NAME
Personal name Rossiter, J.R.
245 ## - TITLE STATEMENT
Title Remote sensing of sea ice and icebergs
260 ## - PUBLICATION, DISTRIBUTION, ETC.
Place of publication, distribution, etc. New York
Name of publisher, distributor, etc. John Wiley & Sons
Date of publication, distribution, etc. 1994
300 ## - PHYSICAL DESCRIPTION
Extent xxviii,686p.
Other physical details ill.
Dimensions 25cm.
350 ## - PRICE (NR) (BK AM CF MU VM SE) [OBSOLETE]
Price 107
490 ## - SERIES STATEMENT
Series statement Wiley Series in Remote Sensing
520 ## - SUMMARY, ETC.
Summary, etc. A text aimed at a number of different types of reader: those interested in sea ice and icebergs and how to detect or observe them; those wishing tolearn about state-of-the-art remote sensing techniques; and those involved in observing or monitoring ice-covered oceans.
650 ## - SUBJECT ADDED ENTRY--TOPICAL TERM
Topical term or geographic name entry element GIS
650 ## - SUBJECT ADDED ENTRY--TOPICAL TERM
Topical term or geographic name entry element PHOTOGRAMMETRY
650 ## - SUBJECT ADDED ENTRY--TOPICAL TERM
Topical term or geographic name entry element GIS
650 ## - SUBJECT ADDED ENTRY--TOPICAL TERM
Topical term or geographic name entry element REMOTE SENSING
650 ## - SUBJECT ADDED ENTRY--TOPICAL TERM
Topical term or geographic name entry element SEA ICE
650 ## - SUBJECT ADDED ENTRY--TOPICAL TERM
Topical term or geographic name entry element ICEBERGS
650 ## - SUBJECT ADDED ENTRY--TOPICAL TERM
Topical term or geographic name entry element MICROWAVE SYSTEMS
650 ## - SUBJECT ADDED ENTRY--TOPICAL TERM
Topical term or geographic name entry element RADAR
650 ## - SUBJECT ADDED ENTRY--TOPICAL TERM
Topical term or geographic name entry element CANADA
650 ## - SUBJECT ADDED ENTRY--TOPICAL TERM
Topical term or geographic name entry element POLAR REGIONS
650 ## - SUBJECT ADDED ENTRY--TOPICAL TERM
Topical term or geographic name entry element OCEANS
690 ## - LOCAL SUBJECT ADDED ENTRY--TOPICAL TERM (OCLC, RLIN)
Topical term or geographic name as entry element Geomatics
9 (RLIN) 6242
942 ## - ADDED ENTRY ELEMENTS (KOHA)
Suppress in OPAC 0
Holdings
Withdrawn status Lost status Source of classification or shelving scheme Damaged status Not for loan Home library Current library Shelving location Date acquired Total Checkouts Full call number Barcode Date last seen Date last checked out Copy number Price effective from Koha item type
    Dewey Decimal Classification     London London Books 18/10/2002 3 526.982 HAY 30066602 06/08/2019 23/01/2008 1 06/08/2019 Book